Ó familëji i kaszëbsczi stegnie ksãdza Antóna i szkólnégó Alekségó - bracynów Peplińsczich

Titel: Ó familëji i kaszëbsczi stegnie ksãdza Antóna i szkólnégó Alekségó - bracynów Peplińsczich
Verfasser:
In: Acta cassubiana, Band 7 (2005), Seite 47-54
alle Artikel anzeigen
Veröffentlicht: 2005
Format: Aufsatz
Sprache: Polnisch
Kein Bild verfügbar
X
alg: 39413663
001A    $01999:12-11-16 
001B    $06050:10-03-26 $t09:56:27.000 
001D    $01999:12-11-16 
001U    $0utf8 
001X    $00 
002@    $0Aox 
003@    $0394136632 
007A    $0394136632 $aHEB 
007T    $0Herdk78105 
010@    $apol 
011@    $a2005 
021A    $aÓ familëji i kaszëbsczi stegnie ksãdza Antóna i szkólnégó Alekségó - bracynów Peplińsczich 
028A    $#Borzyszkowski, Josef $#Bòrzëszkòwsczi, Józef $7103361952 $8Borzyszkowski, Józef$Z1946- [Tp1] $9138771383 
031A    $d7 $h47-54 $j2005 
039B    $aIn $8--Abvc--. Acta cassubiana. - Gdańsk : [Verlag nicht ermittelbar], 1999-. - ISSN 1509-5703 $x200500000070000953 $9099074672 
045T    $a7,41 $a7,39 
045T    $aOST $qDE-12 $2FID 

lok: 39413663 78

exp: 39413663 78 1 #EPN
201B/01 $018-11-16 $t10:43:11.000 
201U/01 $0utf8 
203@/01 $0790247143 
208@/01 $a12-11-16 $be 
209A/01 $a/ $f000 $x00 
220C/01 $aTitelaufnehmer: pbb 
220C/01 $aHerkunft: PBB/IH PAN 
220C/01 $aAnmerkung: a 
244Z/01 $2Trx $#Prusy Wschodnie i Zachodnie $8--Trx--Ost- und Westpreußen $x01 $939113373X 
244Z/01 $2Trx $#Poola $#Lenkija $#Polija $#Polen Land $#Poland $#Lengyelország $#Poľsko $#Polsko $8--Trx--Polska$gkraj $x02 $9391345966 
244Z/01 $2Trx $8--Trx--Zeitschriftenaufsatz $x03 $9391384341 
247C/01 $82080>Marburg/Lahn, Herder-Institut, Forschungsbibliothek, Bibliographieportal $9336309341
LEADER 00000caa a22000002c 4500
001 394136632
003 DE-603
005 20260310095627.0
007 tu
008 161112s2005 xx |||| | u00||u|pol c
035 |a (DE-599)HEB394136632 
040 |a DE-603  |b ger  |c DE-603  |d DE-603 
041 |a pol 
084 |a 7,41  |a 7,39  |2 ssgn 
084 |a OST  |q DE-12  |2 fid 
100 1 |a Borzyszkowski, Józef  |d 1946-  |0 (DE-603)138771383  |0 (DE-588)103361952  |2 gnd 
245 0 0 |a Ó familëji i kaszëbsczi stegnie ksãdza Antóna i szkólnégó Alekségó - bracynów Peplińsczich 
264 0 |c 2005 
773 0 8 |i In  |t Acta cassubiana  |d Gdańsk : [Verlag nicht ermittelbar], 1999-  |x 1509-5703  |g Band 7 (2005), Seite 47-54  |w (DE-603)099074672  |w (DE-600)2050525-5 
924 0 |9 2080  |a (DE-603)790247143  |b DE-2080  |c HES  |d d  |g /